[Event "North American-ch U10"]
[Site "Montreal"]
[Date "2010.08.19"]
[Round "7"]
[White "Vachon, Charles Olivier"]
[Black "Birbal, Alec"]
[Result "1-0"]
[WhiteElo "722"]
[BlackElo "614"]
[PlyCount "27"]
[EventDate "2010.08.16"]
[EventType "swiss"]
[EventRounds "7"]
[EventCountry "CAN"]
[SourceTitle "EXT 2013"]
[Source "ChessBase"]
[SourceDate "2012.11.22"]
[SourceVersion "1"]
[SourceVersionDate "2012.11.22"]
[SourceQuality "1"]

1. e4 b6 2. Bc4 Nc6 3. Qf3 Ne5 4. Qc3 b5 5. Bd5 Ng4 6. Bxa8 e6 7. d3 g6 8. Nf3 Bg7 9. Qxg7 Ke7 10. Qxh8 f6 11. Bg5 fxg5 12. Nxg5 Ba6 13. Qxh7+ Kf8 14. Qf7# 1-0

[Event "North American-ch U10"]
[Site "Montreal"]
[Date "2010.08.16"]
[Round "2"]
[White "Zhang, Kevin3333"]
[Black "Vachon, Charles Olivier"]
[Result "1-0"]
[WhiteElo "957"]
[BlackElo "722"]
[PlyCount "81"]
[EventDate "2010.08.16"]
[EventType "swiss"]
[EventRounds "7"]
[EventCountry "CAN"]
[SourceTitle "EXT 2013"]
[Source "ChessBase"]
[SourceDate "2012.11.22"]
[SourceVersion "1"]
[SourceVersionDate "2012.11.22"]
[SourceQuality "1"]

1. e4 e5 2. Nf3 d6 3. Bc4 Bd7 4. Nc3 Nf6 5. Ng5 d5 6. Bxd5 Nxd5 7. Nxd5 Na6 8. d3 Be7 9. Nf3 c6 10. Nc3 Bb4 11. a3 Bxc3+ 12. bxc3 Bg4 13. h3 Bxf3 14. Qxf3 0-0 15. Qg3 g6 16. Bg5 Qb6 17. 0-0 Qb2 18. Rfc1 Qxc3 19. h4 f6 20. Be3 Nc7 21. Bh6 Rf7 22. h5 g5 23. Qg4 Ne6 24. Qxe6 Qd2 25. Rd1 Qe2 26. f3 Qe3+ 27. Kf1 Qf4 28. Kf2 Qh4+ 29. g3 Qxh5 30. Rh1 Qg6 31. Qf5 Qxf5 32. exf5 b5 33. Rab1 a5 34. c3 Rb8 35. c4 b4 36. a4 b3 37. f4 gxf4 38. gxf4 exf4 39. Bxf4 b2 40. Bxb8 Rb7 41. Bf4 1-0